Richard Ellis St. Quintin monthly index. - January 1999 - December 1999 (Record no. 97614)

MARC details
000 -LEADER
fixed length control field 00805cam a2200289 4500
001 - CONTROL NUMBER
control field J96512
008 - FIXED-LENGTH DATA ELEMENTS--GENERAL INFORMATION
fixed length control field 090401t1999 xxu||||| |||| 00| 0 eng d
035 ## - SYSTEM CONTROL NUMBER
System control number (Sirsi) u91159
041 ## - LANGUAGE CODE
Language code of text/sound track or separate title eng
050 ## - LIBRARY OF CONGRESS CALL NUMBER
Classification number 333.33016
110 ## - MAIN ENTRY--CORPORATE NAME
Corporate name or jurisdiction name as entry element Richard Ellis
9 (RLIN) 1875
245 ## - TITLE STATEMENT
Title Richard Ellis St. Quintin monthly index. - January 1999 - December 1999
260 ## - PUBLICATION, DISTRIBUTION, ETC.
Place of publication, distribution, etc. London
Name of publisher, distributor, etc. Richard Ellis
Date of publication, distribution, etc. 1999
300 ## - PHYSICAL DESCRIPTION
Extent 12pt. ; 30cm.
650 ## - SUBJECT ADDED ENTRY--TOPICAL TERM
Topical term or geographic name entry element CAPITAL VALUES
650 ## - SUBJECT ADDED ENTRY--TOPICAL TERM
Topical term or geographic name entry element INDUSTRIAL PROPERTY
650 ## - SUBJECT ADDED ENTRY--TOPICAL TERM
Topical term or geographic name entry element OFFICES
650 ## - SUBJECT ADDED ENTRY--TOPICAL TERM
Topical term or geographic name entry element PROPERTY INDICES
650 ## - SUBJECT ADDED ENTRY--TOPICAL TERM
Topical term or geographic name entry element RENT
650 ## - SUBJECT ADDED ENTRY--TOPICAL TERM
Topical term or geographic name entry element RETAIL PROPERTY
650 ## - SUBJECT ADDED ENTRY--TOPICAL TERM
Topical term or geographic name entry element SHOPS
650 ## - SUBJECT ADDED ENTRY--TOPICAL TERM
Topical term or geographic name entry element YIELDS
690 ## - LOCAL SUBJECT ADDED ENTRY--TOPICAL TERM (OCLC, RLIN)
Topical term or geographic name as entry element PROPERTY-COMMERCIAL PROPERTY-COMMERCIAL PROPERTY FINANCE AND INVESTMENT
710 ## - ADDED ENTRY--CORPORATE NAME
Corporate name or jurisdiction name as entry element Richard Ellis St. Quintin
9 (RLIN) 3738
942 ## - ADDED ENTRY ELEMENTS (KOHA)
Suppress in OPAC 0
948 ## - LOCAL PROCESSING INFORMATION (OCLC); SERIES PART DESIGNATOR (RLIN)
c (OCLC) 09/02/1999
Holdings
Withdrawn status Lost status Source of classification or shelving scheme Damaged status Not for loan Home library Current library Shelving location Date acquired Total Checkouts Full call number Barcode Date last seen Copy number Price effective from Koha item type
    Dewey Decimal Classification     London London Property market reports 14/09/1999   PROPERTY MARKET REPORTS 30057195 06/08/2019 1 06/08/2019 Reference material
    Dewey Decimal Classification     London London Property market reports 14/09/1999   PROPERTY MARKET REPORTS 30057685 06/08/2019 2 06/08/2019 Reference material
    Dewey Decimal Classification     London London Property market reports 14/09/1999   PROPERTY MARKET REPORTS 30058320 06/08/2019 3 06/08/2019 Reference material
    Dewey Decimal Classification     London London Property market reports 14/09/1999   PROPERTY MARKET REPORTS 30058321 06/08/2019 4 06/08/2019 Reference material
    Dewey Decimal Classification     London London Property market reports 14/09/1999   PROPERTY MARKET REPORTS 30058498 06/08/2019 5 06/08/2019 Reference material
    Dewey Decimal Classification     London London Property market reports 30/09/1999   PROPERTY MARKET REPORTS 30059026 06/08/2019 6 06/08/2019 Reference material
    Dewey Decimal Classification     London London Property market reports 30/09/1999   PROPERTY MARKET REPORTS 30057976 06/08/2019 7 06/08/2019 Reference material
    Dewey Decimal Classification     London London Property market reports 07/10/1999   PROPERTY MARKET REPORTS 30059332 06/08/2019 8 06/08/2019 Reference material
    Dewey Decimal Classification     London London Property market reports 26/11/1999   PROPERTY MARKET REPORTS 30060216 06/08/2019 9 06/08/2019 Reference material
    Dewey Decimal Classification     London London Property market reports 14/01/2000   PROPERTY MARKET REPORTS 30060449 06/08/2019 10 06/08/2019 Reference material
    Dewey Decimal Classification     London London Property market reports 08/02/2000   PROPERTY MARKET REPORTS 30060660 06/08/2019 11 06/08/2019 Reference material